Quan hệ văn hóa truyền thống dân tộc Sán Chay (Cao Lan - Sán Chí) với dân tộc Kinh (Việt) : Qua nghiên cứu thực địa tại bốn huyện miền núi tỉnh Bắc Giang
Quyển sách này bao gồm 3 chương giới thiệu khái quát về dân tộc Sán Chay, thực trạng sinh hoạt và giao lưu văn hóa của người Cao Lan - Sán Chí với người Việt ở 4 huyện miền núi tỉnh Bắc Giang, giao lưu văn hóa giữa dân tộc Kinh với dân to...
Đã lưu trong:
| Príomhúdar: | |
|---|---|
| Formáid: | Leabhar |
| Teanga: | Undetermined |
| Foilsithe: |
Hà Nội
Khoa học - Xã hội
2015
|
| Ábhair: | |
| Clibeanna: |
Cuir Clib Leis
Gan Chlibeanna, Bí ar an gcéad duine leis an taifead seo a chlibeáil!
|
| Thư viện lưu trữ: | Trung tâm Học liệu Trường Đại học Cần Thơ |
|---|
| LEADER | 01282nam a2200217Ia 4500 | ||
|---|---|---|---|
| 001 | CTU_209419 | ||
| 008 | 210402s9999 xx 000 0 und d | ||
| 082 | |a 398.09597 | ||
| 082 | |b Th107 | ||
| 100 | |a Bùi, Quang Thanh | ||
| 245 | 0 | |a Quan hệ văn hóa truyền thống dân tộc Sán Chay (Cao Lan - Sán Chí) với dân tộc Kinh (Việt) : | |
| 245 | 0 | |b Qua nghiên cứu thực địa tại bốn huyện miền núi tỉnh Bắc Giang | |
| 245 | 0 | |c Bùi Quang Thanh, Nguyễn Thị Thu Hường | |
| 260 | |a Hà Nội | ||
| 260 | |b Khoa học - Xã hội | ||
| 260 | |c 2015 | ||
| 520 | |a Quyển sách này bao gồm 3 chương giới thiệu khái quát về dân tộc Sán Chay, thực trạng sinh hoạt và giao lưu văn hóa của người Cao Lan - Sán Chí với người Việt ở 4 huyện miền núi tỉnh Bắc Giang, giao lưu văn hóa giữa dân tộc Kinh với dân tộc Sán Chay trên địa bàn 4 huyện miền núi tỉnh Bắc Giang. | ||
| 650 | |a Văn hóa dân gian,Folklore | ||
| 650 | |z Việt Nam,Vietnam | ||
| 904 | |i Trần Thu Thảo,Hải | ||
| 980 | |a Trung tâm Học liệu Trường Đại học Cần Thơ | ||